000 00696nam a22002057a 4500
003 OSt
005 20220929222415.0
008 220929b |||||||| |||| 00| 0 eng d
020 _a84-89152-47-0
040 _cBiblioteca Lado V
082 _a708
_bH557i
100 _934
_aHernandez Rodriguez, Maria Candelaria
_ecuradora
245 _aEl Indigenismo en dialogo/
_bCanarias-Americas/
260 _aEspaƱa
_bLa Caja de Canarias
_c2001
300 _a350p.
_c24x28cm
650 _2Tesauro de Arte & Arquitectura
_aPINTURA
650 _2Tesauro de Arte & Arquitectura
_aARTE
650 _2Tesauro de Arte & Arquitectura
_aFIGURAS INDIGENAS
942 _2ddc
_c1
_h708
_iH557i
_n0
999 _c2144
_d2144